000 00411nam a22001457a 4500
005 20150818105624.0
008 150818b xxu||||| |||| 00| 0 eng d
040 _cPK-LaUMT
082 _aKHC 9693513746
_bBAZ-P
100 _aبزل حق محمود
245 _aپنجابی مضمون
_cبزل حق محمود
260 _aلاہور
_bسنگ میل پبلیکیشنز
_c2003
300 _a62 ص
942 _cBK
999 _c73969
_d73969